[Event "13th Norway Chess 2025"]
[Site "Stavanger NOR"]
[Date "2025.06.05"]
[Round "9.1"]
[White "Nakamura, Hikaru"]
[Black "Erigaisi, Arjun"]
[Result "1/2-1/2"]
[Annotator "Tactical Analysis 7.0"]
[WhiteElo "2804"]
[BlackElo "2782"]
[PlyCount "45"]
[GameId "2185499356962875"]
[EventDate "2025.05.26"]

1. e4 c5 2. Nf3 e6 3. c3 d5 4. exd5 Qxd5 5. d4 Nf6 6. Na3 {[%cal Bb1a3,Ba3b5,Bb5d4][%mdl 32]} Nc6 7. Be3 {And now Bc4 would win.} cxd4 {[#] B22: Sicilian: 2 c3.} 8. Nb5 $1 Qd7 $1 {[%mdl 4] Dodges Nc7+ outshines the older 8...Qd8.} 9. Nbxd4 Be7 {The position is equal.} 10. Bd3 Nd5 11. Qc2 Nxe3 12. fxe3 Qc7 13. Nxc6 bxc6 14. O-O-O Bd7 $146 (14... h6 $11) ({Predecessor:} 14... h6 15. Qa4 Bd7 16. g4 Qb6 17. Qe4 O-O-O 18. Ne5 Be8 19. Rhf1 Bf6 20. Bc2 Rd5 {½-½ Toncheva,N (2195)-Radeva,V (2242) BUL-ch (Women) Sofia 2023 (5)}) 15. g4 (15. Bxh7 $16 c5 (15... g6 $2 16. Bxg6 Rd8 17. Qe4 $18) 16. g4) 15... Rb8 16. h4 {[%cal Oh1f1]} h6 (16... e5 $14) 17. Rhf1 c5 18. Bc4 Rb6 19. Qf2 {White is more active.} (19. g5 $16) 19... Rd6 (19... Ba4 $11) 20. Rde1 $14 Rb6 21. Rd1 (21. Nd2 $14 O-O 22. Rg1) 21... Rd6 (21... O-O $11) 22. Rde1 Rb6 {Weighted Error Value: White=0.18 (very precise) /Black=0.19 (very precise)} 23. Rd1 (23. Nd2 $14 O-O 24. g5) 1/2-1/2

[Event "13th Norway Chess 2025"]
[Site "Stavanger NOR"]
[Date "2025.06.05"]
[Round "9.2"]
[White "Gukesh, D."]
[Black "Wei, Yi"]
[Result "1-0"]
[Annotator "Tactical Analysis 7.0"]
[WhiteElo "2787"]
[BlackElo "2758"]
[PlyCount "79"]
[GameId "2185503064834409"]
[EventDate "2025.05.26"]

1. e4 e5 2. Nf3 Nf6 3. Nxe5 d6 4. Nf3 Nxe4 5. Nc3 Nxc3 6. dxc3 Be7 7. Be3 O-O 8. Qd3 {C42: Petroff Defence: 3 Nxe5 and unusual White 3rd moves.} Nd7 9. O-O-O Nc5 $146 ({Predecessor:} 9... c6 10. Kb1 Re8 11. Be2 d5 12. c4 Nf6 13. Qb3 Qa5 14. Nd4 c5 15. Bd2 Qd8 {½-½ Alekseenko,K (2710)-Matlakov,M (2682) RUS-ch 74th Ufa 2021 (7)}) 10. Qc4 {The position is equal.} Be6 11. Qf4 d5 $1 12. Nd4 Bd6 13. Qf3 Qd7 14. h3 {Repels Bg4} (14. Be2 $14) 14... c6 $11 15. g4 f5 (15... Rae8 $142) 16. g5 (16. Nxe6 $11 Nxe6 (16... Qxe6 17. c4 $11) 17. gxf5) 16... f4 17. Bd2 Rae8 (17... Bf7 $17) 18. Rg1 (18. Nxe6 $1 $15 Qxe6 (18... Rxe6 19. h4 $11) 19. h4) 18... Bf5 (18... b5 $17) 19. Nxf5 $1 Qxf5 20. c4 Ne4 21. Bd3 Qe5 (21... Nxg5 $2 22. Qg2 f3 23. Qxg5 $18) (21... Bc5 $11) 22. Rde1 $14 {[%cal Od2c3,Bd1e1,Be1e2,Be2d2,Bd2d5][%mdl 32]} Bc5 (22... Nxd2 $6 23. Bxh7+ Kxh7 (23... Kh8 $2 24. Qh5 $18) 24. Qh5+ (24. Kxd2 $2 Qxb2 25. Rxe8 Bb4+ 26. Ke2 Rxe8+ $19) 24... Kg8 25. Rxe5 (25. Kxd2 $2 Qxb2 26. Rxe8 Bb4+ 27. Ke2 f3+ {[%mdl 64] Deflection} 28. Qxf3 Rxe8+ $19) 25... Rxe5 26. Kxd2 $18) 23. cxd5 cxd5 24. Re2 (24. Bc3 Qf5 $11 (24... Nxc3 $2 25. Rxe5 Rxe5 26. bxc3 $18)) (24. Bc3 {simplifies} Qd6 25. Re2 b5 26. Rge1) {This costs Black the game.} 24... Nxd2 (24... Nxg5 $2 25. Qg4 (25. Bxh7+ Kh8 $11) 25... Ne4 26. Bxe4 dxe4 27. Rxe4 $18) (24... Re6 $14) 25. Bxh7+ $1 $18 Kh8 26. Rxd2 Kxh7 27. Rxd5 Qe2 28. g6+ Kg8 29. Qb3 {Hoping for Re5+.} (29. Qxe2 Rxe2 30. Rxc5 Rxf2 $11) 29... Be3+ (29... Qxf2 30. Rxc5+ (30. Rh5+ Re6 31. Qxe6+ Rf7 32. Qxf7#)) (29... Re3 $142 30. c3 Kh8 (30... Qxf2 31. Rh5+ {[%csl Og8][%mdl 64] Discovered Attack (Check)})) 30. Kb1 {Rh5+ would kill now.} (30. fxe3 Qxe3+ 31. Qxe3 Rxe3 $16) 30... Kh8 31. fxe3 Rxe3 {[#]} (31... fxe3 $2 32. a3 (32. Qxb7 $2 Rf1+ {[%mdl 64] Back Rank} 33. Rxf1 {[%mdl 64] Remove Defender} Qxf1+) 32... Rf4 (32... Rf1+ 33. Rxf1 Qxf1+ 34. Ka2 $18) 33. Rg4 $18 (33. Qxb7 $2 Rf1+ 34. Rxf1 Qxf1+ 35. Ka2 Qc4+ 36. Qb3 Qxb3+ 37. cxb3 e2 $19)) 32. Qb4 (32. Qxb7 Rg3 33. Rgd1 (33. Qxa7 Rxg1+ 34. Qxg1 f3 $19) 33... Rxg6 $16) 32... Rc8 33. Rc1 (33. Qxb7 $2 Qxc2+ 34. Ka1 Qc1+ 35. Rxc1 Rxc1#) 33... Re4 34. Qa5 (34. Qxb7 Qxc2+ 35. Rxc2 Re1+) 34... Kg8 35. b3 (35. Qxa7 {is a self mate.} Qxc2+ 36. Rxc2 Re1+) 35... Ree8 36. Qxa7 Qe6 37. Qd4 (37. Qxb7 Rf8 38. Rd3 Qxg6 39. Qd5+ Qf7 40. Qxf7+ Kxf7 $18) 37... f3 38. Rg5 {White is clearly winning.} Qe4 39. Qxe4 ({Weaker is} 39. Qd7 Rf8 40. Rg4 Qe5 $14) 39... Rxe4 {[#]} {Weighted Error Value: White=0.12 (very precise) /Black=0.37} 40. Rf5 $1 1-0

[Event "13th Norway Chess 2025"]
[Site "Stavanger NOR"]
[Date "2025.06.05"]
[Round "9.3"]
[White "Carlsen, Magnus"]
[Black "Caruana, Fabiano"]
[Result "1-0"]
[Annotator "Tactical Analysis 7.0"]
[WhiteElo "2837"]
[BlackElo "2776"]
[PlyCount "103"]
[GameId "2185512438022716"]
[EventDate "2025.05.26"]

1. d4 d5 {[%cal Bd7d5,Bd5c4][%mdl 32]} 2. c4 e6 3. g3 Nf6 4. Bg2 Be7 5. Nf3 O-O 6. O-O dxc4 7. Qc2 a6 8. Rd1 {E05: Open Catalan: 5 Nf3 Be7.} (8. Qxc4 b5 9. Qd3) 8... b5 $1 $11 {Black wants to play ...Bb7.} 9. Ne5 Nd5 10. b3 {The position is equal.} cxb3 11. axb3 Bb7 {aiming for ...Nb4.} 12. Ba3 Bd6 {The modern move.} 13. Nd3 Nd7 (13... a5 {feels stronger.}) 14. e4 Bxa3 $1 15. Rxa3 N5f6 16. Nd2 a5 $146 ({Predecessor:} 16... Qe7 17. b4 Rac8 18. Qc3 Rfd8 19. Re1 h5 20. Nb3 h4 21. Nbc5 Nxc5 22. Nxc5 Ba8 23. Rxa6 hxg3 24. hxg3 {1-0 Dubov,D (2708)-Grischuk,A (2745) MrDodgy Online Inv Finals 3rd Chess.com INT blitz 2022 (3.5)}) 17. Rda1 {[%cal Oa3a2]} c5 18. dxc5 Qc7 19. b4 axb4 20. Rxa8 Rxa8 21. Rc1 {[%cal Oc5c6] [#]} Rc8 22. Qb2 h6 23. Qxb4 Bc6 24. Qb2 {Wards off Ne5} Ra8 25. Nb4 Ne5 26. f4 Nc4 27. Nxc4 bxc4 28. Nxc6 ({Don't take} 28. Rxc4 $6 Rd8 $16) 28... Qxc6 29. Rxc4 Rc8 (29... Ra5 $11) 30. e5 (30. h3 $16) 30... Nd5 31. f5 Qa6 $1 (31... exf5 $2 {too greedy.} 32. Qd4 Rd8 33. Rc2 $18) 32. Rc1 Qa7 33. fxe6 fxe6 34. Bxd5 exd5 $14 {[%mdl 4096] Endgame KQR-KQR. White is a pawn up.} 35. Qd4 Qd7 36. Kg2 Qc6 37. h4 Kh8 38. Rc2 Kg8 39. h5 Kh8 40. Kh3 Kg8 41. Kh2 Qe6 42. Rd2 Rd8 43. Kg2 Qc6 44. Rd1 Qa6 45. Re1 Qe6 46. Rb1 Qf5 47. Rb2 {Loses the game.} Qxh5 $2 {[%mdl 8192]} (47... Qe6 $14 48. g4 Rf8) 48. c6 $18 {White is clearly winning.} Kh7 {[#]} (48... Qf7 $142 49. Rb7 Qf5) 49. e6 $1 {Active counter play!} Qg6 {Dodges Qd3} 50. Re2 {Black must now prevent e7.} Ra8 51. Qxd5 Ra3 {Weighted Error Value: White=0.05 (flawless) /Black=0.45} 52. Qe4 1-0

[Event "13th Norway Armageddon"]
[Site "Stavanger NOR"]
[Date "2025.06.05"]
[Round "9.1"]
[White "Nakamura, Hikaru"]
[Black "Erigaisi, Arjun"]
[Result "1-0"]
[Annotator "Tactical Analysis 7.0"]
[WhiteElo "2804"]
[BlackElo "2782"]
[PlyCount "95"]
[GameId "2185522973422449"]
[EventDate "2025.05.26"]

1. e4 e5 2. Nf3 Nc6 3. Bb5 Bc5 4. c3 Nf6 5. d3 O-O 6. Nbd2 {C65: Ruy Lopez: Berlin Defence (3...Nf6), unusual lines and 4 0-0 Bc5.} d5 7. O-O dxe4 8. dxe4 {The position is equal.} a5 9. a3 Qe7 10. Rb1 Nd8 $146 ({Predecessor:} 10... Rd8 11. Qe2 Bg4 12. h3 Bh5 13. b4 Ba7 14. Re1 Nb8 15. bxa5 Nbd7 16. Nf1 Nc5 {1-0 Fedoseev,V (2704)-Vidit,S (2727) Chess.com Rapid Wk2 Swiss Chess.com INT 2022 (1)}) 11. b4 axb4 12. cxb4 Bd6 13. Bb2 Bg4 14. h3 Bh5 15. Qb3 c6 16. Be2 Ne6 17. Rfe1 Bxf3 (17... Nd7 $11 {remains equal.}) {White leaves nothing to chance now.} 18. Nxf3 $16 Nf4 19. Bf1 Bc7 20. g3 ({White should try} 20. a4) 20... Ng6 (20... Qe6 $142 21. Qxe6 Nxe6) 21. a4 {[%cal Ba3a4,Ba4a5][%mdl 32]} Rfd8 ({Black should try} 21... Rfb8) 22. a5 h6 23. Rbc1 Qe8 24. Bc3 b6 {[%cal Rb6a5]} 25. Ra1 Rdb8 26. Qa2 Qe7 27. Bd2 {White is more active.} Bd6 28. Qc4 b5 (28... Nf8 {was called for.} 29. Qxc6 bxa5) 29. Qxc6 $18 Bxb4 30. Bxb4 (30. Bxb5 $2 Bxd2 31. Nxd2 Qb4 $19) 30... Qxb4 31. a6 Ra7 32. Rab1 {[%mdl 64] [#] Deflection} Qa3 33. Rxb5 (33. Re3 Qxa6 34. Qxa6 Rxa6 $11) 33... Rba8 (33... Rxa6 $2 34. Rxb8+ Kh7 35. Qxa6 $18 (35. Bxa6 Qxf3 36. Rb7 Nf4 $18)) (33... Rf8 $142) 34. Re3 (34. Nxe5 Rxa6 35. Qc7 Nxe5 36. Qxe5 (36. Rb8+ Kh7 $16) 36... Re8 $16) 34... Qa1 35. Rb6 Nf8 36. Kg2 (36. Re1 Qa5 37. Rb7 Rxa6 38. Bxa6 Rxa6 $18) 36... Ne6 37. Qd6 Kh7 38. Rb7 {White is clearly winning.} ({But not} 38. Qxe5 Qxe5 39. Nxe5 Nc5 $18) (38. Nxe5 Rd8 39. Qb4 Qxe5 $15) 38... Ne8 39. Qxe5 Qxe5 40. Nxe5 Rxb7 41. axb7 Rb8 42. Ba6 ({Not} 42. Nxf7 Rxb7 43. Bc4 N8c7 $18) 42... N8c7 43. Nc6 Nxa6 44. Nxb8 Nxb8 45. Rc3 {Dodges Nc5} Nf8 46. Rc8 {[%csl LRb8,LRf8]} Nfd7 {[#]} 47. e5 $1 {[%mdl 512]} Kg6 (47... g5 48. Rd8) {Weighted Error Value: White=0.08 (flawless) /Black=0.36} 48. g4 1-0

[Event "13th Norway Chess Women"]
[Site "Stavanger NOR"]
[Date "2025.06.05"]
[Round "9.1"]
[White "Vaishali, Rameshbabu"]
[Black "Khademalsharieh, Sarasadat"]
[Result "0-1"]
[Annotator "Tactical Analysis 7.0"]
[WhiteElo "2475"]
[BlackElo "2449"]
[PlyCount "132"]
[GameId "2185533548356860"]
[EventDate "2025.05.26"]

1. e4 e5 2. Nf3 Nc6 3. Bb5 a6 4. Ba4 Nf6 5. d3 b5 6. Bb3 Bc5 7. c3 {is now more promising than 7.0-0.} d6 8. Bg5 {[%cal Bc1g5,Bg5h4,Bh4g3][%mdl 32] C77: Ruy Lopez: 3...a6 4 Ba4 Nf6, unusual lines.} h6 9. Bh4 g5 10. Bg3 {The position is equal.} Bb6 11. Nbd2 Rb8 12. Nf1 Ne7 13. Ne3 (13. Qe2 $142) 13... Ng6 $11 14. Qc2 $146 ({Predecessor:} 14. Nd5 Nxd5 15. Bxd5 Qf6 16. h4 g4 17. Nd2 Bd7 18. Qe2 a5 19. a3 O-O 20. Nf1 {0-1 Ortiz Suarez,I (2545)-Vazquez,G (2527) FIDE World Cup American Qual Gp4 Tornelo INT rapid 2021 (12.2)}) 14... Nh5 15. d4 g4 16. Ng1 exd4 (16... c5 $1 $17 {[%cal Rc5c4]} 17. dxc5 Bxc5) 17. cxd4 $15 Nxg3 18. hxg3 Bxd4 19. Nf5 (19. Ne2 $15 Bxe3 20. fxe3) 19... Bxf5 $17 20. exf5 Ne5 (20... Ne7 $1 $17) 21. Ne2 {[#]} Bxb2 {[%mdl 64] Decoy} 22. Rd1 Ba3 23. Nf4 (23. Rh5 $1 $15) 23... c6 (23... c5 $1 $17 24. Bd5 h5) 24. Kf1 (24. Qc3 $1 $15) 24... Qf6 $2 (24... a5 $1 $17 25. Nd3 Qf6) 25. Re1 $2 (25. Nh5 $1 $14 {keeps the upper hand.} Qd8 26. f4 gxf3 27. gxf3) 25... Kf8 {[%cal Oh6h5,Be8f8,Bf8g7,Bg7f7][%mdl 32]} 26. Rh5 (26. Nh5 $17 Qg5 27. Nf4) 26... a5 (26... Bb4 $19 {is more deadly.} 27. Rd1 a5) 27. Ng6+ fxg6 (27... Kg7 $1 $17 28. Nxh8 Rxh8) 28. fxg6 $15 Kg7 $1 (28... Qxg6 29. Qxg6 Nxg6 30. Rf5+ Kg7 31. Rf7+ Kg8 32. Rb7+ d5 33. Rxb8+ Kf7 34. Rxh8 Nxh8 35. Bd1 $16) (28... Nxg6 29. Rf5 (29. Qxc6 Rd8 $11) 29... Ne5 30. Rxf6+ Ke7 31. Rf7+ Kd8 32. Rxe5) 29. Rf5 Qxg6 30. Rexe5 $1 {[%mdl 64] Remove Defender} dxe5 31. Rf7+ Qxf7 $1 32. Bxf7 Kxf7 33. Qb3+ Ke7 34. Qxa3+ {[%mdl 4096] Endgame KQ-KRR} b4 (34... Kd7 $15 35. Qe3 Rhd8 36. Qxe5 (36. Qxh6 Kc7 $17) 36... Kc8) 35. Qxa5 $11 Kd6 {Prevents Qc7+} 36. Qa7 Rb5 37. Qg7 {[%csl LRg4,LRh8]} Ra8 38. Qxh6+ $2 (38. f4 $11 {and White is okay.}) 38... Kc7 $1 $19 {Active counter play!} (38... Kd5 39. Qg7 $11) 39. Qe6 (39. Qd2 $17) 39... Kb6 40. Qc4 (40. Qd6 $19) 40... Ra3 ({Black should play} 40... Ra4 $1 $17 {[%cal Ob4b3]} 41. Qb3 Ra3) 41. Qg8 {[%mdl 8192]} ({White should try} 41. Kg1 $15) 41... Rd5 42. Qxg4 Rd4 (42... Rxa2 43. Qxb4+ Kc7 44. Kg1 $11) 43. Qg8 Rd1+ 44. Ke2 Rd5 $1 45. Qb8+ Kc5 46. g4 Rxa2+ 47. Ke3 {[#]} Rdd2 $2 (47... Kc4 $1 $19 {Hoping for ...b3.} 48. Qb7 c5 (48... Rd3+ $2 49. Ke4 $19)) 48. Qxe5+ $11 Kc4 49. Qe4+ (49. Qf4+ $11 Kc5 50. Qf8+ Kc4 51. Qf4+) {White is on the road to losing.} 49... Kb5 $17 {( -> ...Re2+). Chess con chili.} 50. Qe5+ Ka4 ({Much weaker is} 50... c5 $6 51. Qe8+ Kb6 52. Qb8+ Kc6 53. Qe8+ Kc7 54. Qe5+ Kc6 55. Qe8+ Kd5 56. Qg8+ Kc6 57. Qe8+ $11) 51. Qc5 $2 (51. Qg7 $17) 51... Re2+ $19 (51... Rxf2 52. Qxc6+ Kb3 (52... Ka3 53. Qa8+ Kb3 54. Qd5+ Ka3 55. Qa8+ Kb3 56. Qd5+ Ka3 57. Qa8+ $11) 53. Qd5+ Ka3 54. Qa8+ Kb3 55. Qd5+ Ka3 56. Qa8+ Kb3 57. Qd5+ $11) 52. Kf4 Rxf2+ 53. Kg5 Rac2 (53... Rxg2 54. Qxc6+ Ka3 55. Qa8+ Kb3 56. Qf3+ Ka4 57. Qc6+ Ka3 58. Qa8+ Kb3 59. Qf3+ Ka4 60. Qc6+ $11) 54. Qa7+ {[#]} Kb3 $1 55. Kh6 c5 56. g5 (56. Qa1 $142) 56... Rxg2 (56... c4 57. Qa1 c3 (57... Rxg2 $2 58. Qb1+ Rb2 59. Qf1 $19) 58. Qb1+ Rb2 (58... Kc4 $2 59. g6 $19) 59. Qd1+ Ka3 60. Qa1+ Ra2 61. Qc1+ Ka4 62. g4 Rh2+ 63. Kg7) 57. g6 $2 (57. Qa1) 57... Rg3 58. Qf7+ c4 {( -> ...Rcg2)} 59. Qd5 Rg1 60. Qe5 {Black mates.} Rcg2 61. Qe3+ c3 62. Qe6+ Kb2 63. Kh7 c2 64. Qf6+ Kb1 65. Qf5 Rxg6 66. Qb5 {An entertaining game by Khademalsharieh.   Weighted Error Value: White=0.73/Black=0.21 (precise)} R6g4 ({And not} 66... c1=R 67. Qxb4+ Ka1 68. Qa3+ Kb1 69. Qb4+ (69. Qb3+ Ka1 $11) 69... Kc2 70. Qc4+ Kb2 71. Qb4+ Kc2 72. Qc4+ Kd1 73. Qd4+ Ke2 74. Qe4+ Kf2 75. Qf4+ Kg2 (75... Ke2 76. Qe4+ Kf1 77. Qf4+ Kg2 78. Kxg6 $11) 76. Kxg6 $11) 0-1

[Event "13th Norway Chess Women"]
[Site "Stavanger NOR"]
[Date "2025.06.05"]
[Round "9.2"]
[White "Ju, Wenjun"]
[Black "Muzychuk, Anna"]
[Result "0-1"]
[Annotator "Tactical Analysis 7.0"]
[WhiteElo "2580"]
[BlackElo "2526"]
[PlyCount "134"]
[GameId "2185549419460162"]
[EventDate "2025.05.26"]

1. Nf3 Nf6 2. c4 c5 3. Nc3 Nc6 4. g3 d5 5. cxd5 Nxd5 6. Bg2 Nxc3 7. bxc3 e5 8. O-O Be7 9. d3 O-O 10. Rb1 {10.Rb1 scores better than 10.Nd2.} Qc7 {A22: English Opening: 1...e5 2 Nc3 Nf6.} 11. Nd2 {[%cal Bf3d2,Bd2c4,Bc4e3,Be3d5][%mdl 32]} Be6 12. Nc4 Rad8 {[#] The position is equal.} 13. Qa4 Bd7 $146 ({Predecessor:} 13... Bd5 14. Bxd5 Rxd5 15. Ne3 Rd7 16. Nf5 g6 17. Nxe7+ Rxe7 18. Bh6 Rfe8 19. Qe4 b6 {0-1 Wallis,C (2229)-Kuybokarov,T (2550) Oceania zt 3.6 Melbourne 2025 (9)}) 14. Ne3 Be6 {Prevents Nd5.} (14... Qc8 $11 {was preferable.}) 15. c4 Qd7 16. Nd5 Bd6 17. Bd2 Nd4 18. Qd1 {[%cal Ob1b7]} Bg4 19. Re1 {[%cal Ob1b7]} b6 20. Bc3 f5 21. f3 (21. h3 $5 Bh5 $8 22. a4 $11) 21... Bh5 22. e3 Nc6 23. e4 f4 24. gxf4 Rxf4 25. Nxf4 exf4 26. e5 Be7 {[%cal Oe7h4]} {White does not recover from this.} 27. d4 $2 cxd4 $19 28. Bd2 {White is weak on the dark squares} Qf5 {[%cal Od4d3]} 29. Qe2 Bc5 30. Kh1 Bg6 {[%cal Od4d3]} 31. e6 d3 {[%mdl 1024] Black has strong compensation.} 32. Qf1 Nd4 {[%cal Of5g5]} 33. Rbd1 Ne2 (33... Nxe6 $2 34. Bh3 Qg5 35. Bxe6+ $18 (35. Rxe6 Bf8 $18)) 34. Bh3 Qh5 35. Bb4 {and Bxc5 would now be decisive} Be4 (35... Bxb4 36. Rxe2 Rd4 37. Rb2 $17) 36. fxe4 Bxb4 37. e7 Bxe7 38. Be6+ Kh8 39. Qh3 {Prevents Ng3+.} Qxh3 40. Bxh3 Bh4 41. Rf1 Nc3 $1 {[%csl LRa2,LRd1,LRe4]} 42. Ra1 d2 (42... Nxe4 43. Rxf4 Bf6 44. Rd1 $17) 43. Bg4 g5 (43... Nxe4 $2 44. Rxf4 Nf2+ 45. Kg2 Nxg4 (45... d1=R $2 {loses.} 46. Bxd1 {[%csl Oh4][%mdl 64] Discovered Attack} g5 47. Rxf2 $18) 46. Rxg4 $19) (43... Bf6 44. Kg2 $19) 44. e5 Kg7 45. Kg2 Kg6 46. h3 h5 47. Bd1 Kf5 48. Bxh5 Kxe5 49. a4 a5 50. Bf3 Rd3 51. Ra3 Kd4 52. Rb3 Be1 {[%cal Od3f3]} 53. Bh5 Nxa4 54. Rb1 Kc5 55. Rb5+ Kxc4 56. Rxg5 Rg3+ (56... d1=B 57. Rxe1 (57. Bf7+ Kc3 $17) 57... Rd2+ 58. Kf1 Bxh5 59. Re4+ Kd3 60. Rxa4 Be2+ 61. Kg1 $17) 57. Rxg3 Bxg3 {[%mdl 4096] Endgame KRB-KBN} 58. h4 (58. Rb1 $142 Nc3 59. Rxb6) 58... Nc3 (58... Bxh4 59. Rxf4+ Kb3 60. Bd1+ (60. Rxh4 Nc3 $17) 60... Kb2 61. Bxa4 $11 (61. Rxa4 Be7 $11)) 59. Kh3 Kd3 {And now ...Kc2 would win.} 60. Bf3 {[#]} Bxh4 61. Kxh4 (61. Bh5 Bg3) 61... Kc2 62. Kg5 b5 (62... d1=N 63. Bc6 $11) 63. Kxf4 b4 ({Less strong is} 63... d1=N 64. Rh1 $17) 64. Bh5 d1=Q 65. Bxd1+ Nxd1 66. Rh1 b3 67. Rh2+ {A cool game by Muzychuk.   Weighted Error Value: White=0.55/Black=0.29 (precise)} Kc1 0-1

[Event "13th Norway Chess Women"]
[Site "Stavanger NOR"]
[Date "2025.06.05"]
[Round "9.3"]
[White "Lei, Tingjie"]
[Black "Koneru, Humpy"]
[Result "1-0"]
[Annotator "Tactical Analysis 7.0"]
[WhiteElo "2552"]
[BlackElo "2543"]
[PlyCount "67"]
[GameId "2185565461825357"]
[EventDate "2025.05.26"]


1. c4 e6 2. Nc3 d5 3. d4 Nf6 4. cxd5 exd5 5. Bg5 Be6 6. e3 {D35: Queen's Gambit Declined: Exchange Variation.} Nbd7 7. Bd3 c6 8. Nf3 {White is slightly better.} h6 9. Bf4 g5 10. Bg3 Nh5 11. Be5 Nxe5 12. dxe5 Qc7 $146 ({Predecessor:} 12... Qb6 13. O-O Qxb2 14. Na4 Qa3 15. Nd4 Ng7 16. Rb1 b5 17. Bxb5 cxb5 18. Nxb5 Qe7 19. Nd6+ Kd8 20. Nc5 Qc7 21. Qd4 {1-0 Rasulov,V (2500)-Concio,M (2371) Titled Tuesday intern op 21st Jan Late Chess.com INT blitz 2025 (4)}) 13. Qa4 Bd7 14. h3 Ng7 15. e4 {[#]} (15. Rc1 $14) 15... d4 $1 $15 16. Qxd4 Ne6 17. Qc4 Nf4 (17... Bg7 $17) 18. Bf1 (18. O-O-O $1 $15 Be6 19. Qa4) 18... O-O-O $17 19. O-O-O (19. Qxf7 $6 Bc5 20. O-O-O Bxf2 $11) 19... Be6 20. Rxd8+ Qxd8 21. Qd4 {[#]} (21. Qa4 $142 Kb8 22. Kb1) 21... Qa5 $1 {[%cal Of8b4]} 22. g3 {[#]} (22. Qa4 $17 Qxa4 23. Nxa4) 22... Bc5 $4 {[%mdl 8192]} (22... Bb4 $1 $19 {...Rd8 would now be deadly.} 23. gxf4 Rd8) 23. Qa4 $18 Qb6 24. gxf4 Bxf2 25. Be2 (25. fxg5 Qe3+ 26. Nd2 Rd8 $16) 25... Qe3+ 26. Kb1 {and f5 would now be decisive} Qxf4 27. Nd4 {[%cal Bf3d4,Bd4f5,Bf5d6][%mdl 32]} Bd7 28. Bg4 (28. Qxa7 Qxe5 29. Rd1 Rd8) 28... Bxg4 29. hxg4 Qxe5 30. Nf5 Qf4 31. Qc4 (31. Nxh6 Qf6 $18) 31... Qxg4 (31... Kb8 $142 32. Qxf7 Bg3) 32. Nd6+ {Excellent horsemanship.} ({And not} 32. Nxh6 Qf3 33. Rh2 (33. Qxf7 $2 {perishes.} Qxf7 34. Nxf7 Rxh1+ $19) 33... Bg3 (33... Bg1 $2 34. Nxf7 {[%csl Oh8][%mdl 64] Discovered Attack, Double Attack} Bxh2 35. Nxh8 $18) 34. Nxf7 (34. Qxf7 $2 Qxf7 35. Nxf7 Rxh2 $19) 34... Rxh2 $11) 32... Kc7 33. Qxf7+ Qd7 {Weighted Error Value: White=0.48/Black=0.71} 34. Ncb5+ 1-0

[Event "13th Norway Chess 2025"]
[Site "Stavanger NOR"]
[Date "2025.06.06"]
[Round "10.1"]
[White "Erigaisi, Arjun"]
[Black "Carlsen, Magnus"]
[Result "1/2-1/2"]
[Annotator "Tactical Analysis 7.0"]
[WhiteElo "2782"]
[BlackElo "2837"]
[PlyCount "111"]
[GameId "2186097644575832"]
[EventDate "2025.05.26"]

1. d4 d5 2. c4 e6 3. Nc3 Nf6 4. cxd5 exd5 5. Bg5 Be7 6. e3 O-O 7. Bd3 h6 8. Bh4 c6 9. Nge2 Nbd7 10. O-O $1 {10.0-0 is better than 10.Qc2.} a5 {D35: Queen's Gambit Declined: Exchange Variation.} 11. f3 b5 {[%cal Bb7b5,Bb5b4][%mdl 32]} 12. Qc2 Re8 13. e4 b4 14. Na4 dxe4 15. fxe4 Nxe4 16. Bxe7 (16. Bxe4 Bxh4 17. Bxc6 Ba6 $17) 16... Qxe7 17. Qxc6 Nef6 $146 ({Predecessor:} 17... Rb8 18. Rae1 Bb7 19. Qb5 Qd6 20. Qf5 Ndf6 21. b3 Rbd8 22. Qxa5 Ng4 23. Qh5 Nef6 {0-1 Wu,D (2225)-Kravtsiv,M (2598) Titled Tuesday intern op 26th Nov Late Chess.com INT blitz 2024 (3)}) 18. Qxa8 $16 (18. Rxf6 $2 Nxf6 19. Qc1 Bg4 $19) 18... Qe3+ 19. Kh1 $1 Qxd3 20. Nf4 Qxd4 21. Rad1 (21. Qxa5 Ng4 $11) 21... Qe5 (21... Qe3 $16) 22. Rc1 $1 $18 Nf8 23. Rxc8 Qxf4 {[%cal Rf4f1][%mdl 64] Deflection, Back Rank} 24. Qa6 $36 {[%mdl 2048] White is on the roll.} Qxf1+ {[%mdl 64] Deflection} 25. Qxf1 Rxc8 26. h3 $1 Rd8 27. Qa6 Rd5 28. Nb6 Rc5 29. Nc4 Ne6 (29... Ng6 $16) 30. Nxa5 g5 31. Nc4 g4 32. b3 gxh3 33. gxh3 Rh5 34. Kh2 (34. Kg2 $1 $16) 34... Kg7 35. Qb7 {[%cal Oc4d6]} Ng5 $1 36. Nd6 {[%cal Oh2g2]} (36. Qxb4 Rxh3+ 37. Kg2 (37. Kg1 h5 $16) 37... Rf3 $16) 36... Rxh3+ 37. Kg2 {[%cal Od6f7]} Rd3 38. Nf5+ Kg6 39. Ne7+ Kh5 40. Qxb4 {[%mdl 8192]} ({White should try} 40. Qa6 $15 Rd2+ 41. Kg3) 40... Nfe4 $19 41. Kf1 Rd2 42. Qb5 $2 (42. Qxd2 Nxd2+ 43. Ke2) 42... Rd1+ 43. Kg2 {White wants to mate with Qe2+.} Rd2+ 44. Kf1 (44. Kg1 {only move.}) 44... Kg4 {( -> ...Ng3+)} 45. Qf5+ Kg3 {[%cal Og5f3]} 46. Qe5+ Kf3 {[%cal Rd2d1]} 47. Qf5+ Kg3 {[%cal Og5f3] ( -> ...Nf3!)} 48. Qe5+ Kf3 {[%cal Rd2d1]} 49. Qf5+ {[#]} Ke3 $1 50. Nd5+ Kd4 51. Ke1 Rxa2 {and ...Ra1+ should not be overlooked} 52. Qd7 (52. Nb4 $2 Ra1+ 53. Ke2 Ng3+ 54. Kf2 Rf1+ (54... Nxf5 55. Nc2+ Kc3 56. Nxa1 $19) 55. Kxg3 Rxf5 $19) 52... Ra1+ 53. Ke2 Ra2+ 54. Ke1 {[#]} (54. Kd1 $2 Rd2+ 55. Kc1 Ke5 $19) 54... Ra1+ ({Black should try} 54... Nc5 $1 {[%cal Rc5d7]} 55. Qd8 (55. Qf5 $2 Nce4 $19) 55... Nge6 (55... Nxb3 $2 {is the wrong capture.} 56. Nb4+ {[%csl Od4][%mdl 64] Discovered Attack (Check)} Kc4 57. Nxa2 $18)) 55. Ke2 $17 {and Ne3+ should not be overlooked. The board is on fire.} Ra2+ {White used his chance. A brilliant game!   Weighted Error Value: White=0.36/Black=0.29 (precise)} 56. Ke1 $1 ({Don't blunder} 56. Kd1 $2 Rd2+ 57. Kc1 Ke5 $19) 1/2-1/2